<?xml version="1.0" encoding="UTF-8"?>
<record
    xmlns:xsi="http://www.w3.org/2001/XMLSchema-instance"
    xsi:schemaLocation="http://www.loc.gov/MARC21/slim http://www.loc.gov/standards/marcxml/schema/MARC21slim.xsd"
    xmlns="http://www.loc.gov/MARC21/slim">

  <leader>00269nam a2200097Ia 4500</leader>
  <controlfield tag="001">989681</controlfield>
  <controlfield tag="005">20250826221201.0</controlfield>
  <controlfield tag="008">250824s9999    xx            000 0 und d</controlfield>
  <datafield tag="245" ind1=" " ind2="0">
    <subfield code="a">KRAL &#x15E;AK&#x130;R/ANLATSAM F&#x130;LM OLUR/T1</subfield>
    <subfield code="c">HALUK CAN D&#x130;ZDARO&#x11E;LU</subfield>
  </datafield>
  <datafield tag="260" ind1=" " ind2=" ">
    <subfield code="b">&#x130;K&#x130; A YAYINCILIK</subfield>
  </datafield>
  <datafield tag="999" ind1=" " ind2=" ">
    <subfield code="c">989681</subfield>
    <subfield code="d">989681</subfield>
  </datafield>
  <datafield tag="952" ind1=" " ind2=" ">
    <subfield code="0">0</subfield>
    <subfield code="1">0</subfield>
    <subfield code="4">0</subfield>
    <subfield code="7">0</subfield>
    <subfield code="a">1055</subfield>
    <subfield code="b">1055</subfield>
    <subfield code="d">2025-08-24</subfield>
    <subfield code="l">14</subfield>
    <subfield code="p">10553502</subfield>
    <subfield code="q">2026-05-14</subfield>
    <subfield code="r">2026-04-29 11:27:15</subfield>
    <subfield code="s">2026-04-29</subfield>
    <subfield code="w">2025-08-26</subfield>
    <subfield code="y">BK</subfield>
  </datafield>
</record>
